[Event "It (open)"]
[Site "Schwabisch Gmund (Germany)"]
[Round "2"]
[White "Hoffmann Hans (GER)"]
[Black "Krebs Armin"]
[Result "1-0"]
[WhiteElo "2245"]
[BlackElo "1865"]

1.c4 e5 2.Nc3 Nc6 3.g3 g6 4.Bg2 Bg7 5.d3 d6 6.Rb1 f5 7.Nf3 Nge7 8.O-O O-O
9.Bd2 a6 10.Qc1 Bd7 11.Bh6 Qc8 12.Bxg7 Kxg7 13.b4 h6 14.Nd5 Nxd5 15.cxd5 Ne7
16.e4 c6 17.dxc6 Bxc6 18.Nd2 f4 19.Qb2 Qe6 20.Rfe1 Qf6 21.gxf4 Qxf4 22.Nc4 b5
23.Na5 Rac8 24.Re3 Bd7 25.Rf3 Qg5 26.Rg3 Qf4 27.Re1 h5 28.Rf3 Qg5 29.Rxf8 Rxf8
30.Qc1 Qf6 31.Qd2 {#r} 1-0

[Event "Ch Argentina"]
[Site "Argentina"]
[Round "14"]
[White "Panno Oscar (ARG)"]
[Black "Rosito Jorge (ARG)"]
[Result "0-1"]
[WhiteElo "2510"]
[BlackElo "2340"]

1.c4 e5 2.Nc3 Nc6 3.g3 g6 4.Bg2 Bg7 5.d3 d6 6.e4 f5 7.exf5 Bxf5 8.Nge2 Qd7
9.h3 h5 10.Bg5 Nf6 11.Qd2 O-O 12.Bxf6 Rxf6 13.Bd5+ Be6 14.Ne4 Rff8 15.g4 h4
16.Bxe6+ Qxe6 17.Qg5 Nb4 18.O-O Nxd3 19.Qxh4 Qxc4 20.Ng5 Rf6 21.Ng3 d5 22.b3
Qd4 23.Rad1 e4 24.Ne2 Qb2 25.Rxd3 exd3 26.Nf4 Rxf4 27.Qh7+ Kf8 28.Ne6+ Kf7
29.Nxf4 Qf6 30.Nxd5 Qe5 {#R} 0-1

[Event "Staatsliga 1995/96"]
[Site "Austria"]
[Round "0"]
[White "Kraschl Joerg (AUT)"]
[Black "Mokry Karel (CZE)"]
[Result "0-1"]
[WhiteElo "2320"]
[BlackElo "2505"]

1.c4 e5 2.g3 Nc6 3.Bg2 g6 4.Nc3 Bg7 5.d3 d6 6.e4 Nd4 7.Nge2 Nxe2 8.Nxe2 Ne7
9.d4 exd4 10.Nxd4 O-O 11.O-O c5 12.Nb5 Be6 13.Nxd6 Qb6 14.e5 Bxe5 15.Nxb7 Rab8
16.Qb3 Bc8 17.Re1 f6 18.Rxe5 fxe5 19.Nxc5 Qxc5 20.Be3 Qc7 21.Qa3 Bb7 22.Qxa7
Qc8 23.Bc5 Bxg2 24.Qxe7 Re8 25.Qd6 Ba8 {#R} 0-1

[Event "Staatsliga 1995/96"]
[Site "Austria"]
[Round "0"]
[White "Kraschl Joerg (AUT)"]
[Black "Schumi Manfred (AUT)"]
[Result "0-1"]
[WhiteElo "2320"]
[BlackElo "2202"]

1.c4 g6 2.Nc3 Bg7 3.g3 d6 4.Bg2 e5 5.d3 Nc6 6.Rb1 a5 7.a3 f5 8.e3 Nf6 9.Nge2
O-O 10.O-O Be6 11.Nd5 Rb8 12.b4 axb4 13.axb4 Ne7 14.Qb3 g5 15.f4 gxf4 16.exf4
c6 17.Nxf6+ Bxf6 18.b5 Re8 19.Ba3 Qd7 20.Qb4 c5 21.Qd2 Ng6 22.Bb2 Bg7 23.Rfe1
d5 24.cxd5 Bxd5 25.Bxd5+ Qxd5 26.Qc3 Rbd8 27.Rbd1 Re7 28.Qc1 exf4 29.Nxf4 Nxf4
30.gxf4 Bxb2 31.Qxb2 Rg7+ {#R} 0-1

[Event "It"]
[Site "Azov (Russia)"]
[Round "12"]
[White "Pushkov Nikolai (RUS)"]
[Black "Iskusnyh Sergei (RUS)"]
[Result "0-1"]
[WhiteElo "2515"]
[BlackElo "2430"]

1.c4 g6 2.g3 Bg7 3.Bg2 d6 4.Nc3 e5 5.d3 Nc6 6.Rb1 Nf6 7.b4 O-O 8.b5 Ne7 9.Nf3
h6 10.O-O Be6 11.Bb2 Qd7 12.a4 Bh3 13.c5 Bxg2 14.Kxg2 Nh5 15.cxd6 cxd6 16.Qb3
Rfc8 17.Rfc1 Rc7 18.h3 Rac8 19.e4 Nf6 20.Ba3 g5 21.Ne2 Ng6 22.Rxc7 Rxc7 23.Rc1
Rxc1 24.Bxc1 d5 25.Qc2 Bf8 26.Bb2 d4 27.Nd2 h5 28.f3 g4 29.hxg4 hxg4 30.f4
exf4 31.Nxd4 fxg3 32.Nf1 Nh5 33.Ne2 Nh4+ {#R} 0-1

[Event "It (open)"]
[Site "Bad Kreuznach (Germany)"]
[Round "0"]
[White "Klein Christoph (GER)"]
[Black "Karst Elmar (GER)"]
[Result "0-1"]
[WhiteElo "2136"]
[BlackElo "2292"]

1.c4 e5 2.Nc3 Nc6 3.g3 g6 4.Bg2 Bg7 5.d3 d6 6.Nf3 Nge7 7.O-O O-O 8.Bd2 Rb8
9.a3 a6 10.b4 b5 11.cxb5 axb5 12.Qc1 f5 13.Bh6 f4 14.Bxg7 Kxg7 15.Qd2 Bg4
16.e3 Qd7 17.d4 Bxf3 18.Bxf3 exd4 19.exd4 Rf7 20.Ne2 g5 21.gxf4 gxf4 22.Nxf4
Qf5 23.Nh5+ Kh8 24.Bxc6 Qxh5 25.Bg2 Rg8 26.f4 Rfg7 27.Rf2 Nf5 28.Re1 Nh4
29.Ree2 Rxg2+ 30.Rxg2 Nf3+ 31.Kf2 Rxg2+ 32.Kxg2 Nxd2 33.Rxd2 Qg4+ 34.Kf1 Qxf4+
35.Rf2 Qxd4 36.Re2 Qa1+ 37.Kg2 Qxa3 38.Re8+ Kg7 39.Re7+ Kg6 40.Rxc7 Qxb4 {#R}
0-1

[Event "Oberliga Baden 1994/95"]
[Site "Baden-Wuerttemberg (Germany)"]
[Round "0"]
[White "Bachler Reinhardt (AUT)"]
[Black "Trachtmann Mark (GER)"]
[Result "1-0"]
[WhiteElo "2208"]
[BlackElo "2314"]

1.c4 g6 2.Nc3 Bg7 3.g3 d6 4.Bg2 e5 5.d3 Nc6 6.Rb1 a5 7.a3 f5 8.h4 Nf6 9.Nh3 h6
10.Bd2 Be6 11.Nd5 Qd7 12.Qa4 Bxd5 13.cxd5 Nd4 14.Qxd7+ Kxd7 15.Bc3 Nb3 16.O-O
b5 17.e4 Rab8 18.f4 b4 19.axb4 axb4 20.Be1 Ng4 21.exf5 Ne3 22.fxg6 Nxf1
23.Bxf1 Nd4 24.Bg2 Rhf8 25.Bd2 b3 26.Kh2 Rbe8 27.Be4 exf4 28.Bxf4 Ra8 29.Kg2
Ra2 30.Nf2 Ne2 31.Kf3 Nxf4 32.gxf4 Rxb2 33.d4 Rxb1 34.Bxb1 Bxd4 35.f5 b2 36.h5
Bxf2 37.g7 Rg8 38.f6 Bd4 39.f7 {#r} 1-0

[Event "Cup Bodensee"]
[Site "Baden (Germany)"]
[Round "0"]
[White "Hoensch Matthias (GER)"]
[Black "Schlindwein Rolf (GER)"]
[Result "0-1"]
[WhiteElo "2320"]
[BlackElo "2440"]

1.c4 e5 2.g3 Nc6 3.Bg2 g6 4.Nc3 Bg7 5.d3 d6 6.e3 Be6 7.Nge2 Qd7 8.Nd5 Nd8
9.O-O c6 10.Ndc3 h5 11.Ne4 f5 12.Ng5 h4 13.Rb1 Bf6 14.Nxe6 Nxe6 15.f4 Nh6
16.b4 hxg3 17.hxg3 Ng4 18.Qc2 Rh2 19.Rf3 Qh7 20.Bb2 Rh1+ 21.Bxh1 Qh2+ 22.Kf1
Qxh1+ 23.Ng1 Qxf3+ {#R} 0-1

[Event "It (open) \"]
[Site "Berlin (Germany)"]
[Round "6"]
[White "Troyke Christian (GER)"]
[Black "Jensen Jacob Bjerre (DEN)"]
[Result "1-0"]
[WhiteElo "2345"]
[BlackElo "2220"]

1.g3 g6 2.Bg2 Bg7 3.c4 d6 4.Nc3 e5 5.d3 Nc6 6.e3 Nge7 7.Nge2 O-O 8.O-O a6 9.b3
Rb8 10.Bb2 Bf5 11.h3 Qc8 12.Kh2 b5 13.Nd5 Re8 14.Qd2 Nd8 15.f4 c6 16.Ndc3 b4
17.Nd1 Bd7 18.Nf2 Nf5 19.Ne4 d5 20.cxd5 cxd5 21.Rac1 Bc6 22.Ng5 Qb7 23.fxe5
Bxe5 24.Rxf5 gxf5 25.Bxe5 Rxe5 26.Nf3 Re8 27.Nfd4 Bd7 28.Nf4 Be6 29.Nh5 Qe7
30.Qb2 Qg5 31.Bf3 Rb6 32.Nc6 f6 33.Nxd8 Rxd8 34.Nxf6+ Kf7 35.Rc7+ Kg6 36.Nxh7
Qh6 37.Qf6# 1-0

[Event "Ch Germany (juniors) (team)"]
[Site "Binz (Germany)"]
[Round "0"]
[White "Wilhelmi Christian (GER)"]
[Black "Hausrath Daniel (GER)"]
[Result "0-1"]
[WhiteElo "2315"]
[BlackElo "2370"]

1.c4 e5 2.Nc3 Nc6 3.g3 g6 4.Bg2 Bg7 5.d3 d6 6.Rb1 a5 7.a3 f5 8.Nf3 Nf6 9.O-O
O-O 10.b4 axb4 11.axb4 h6 12.c5 Be6 13.b5 Ne7 14.e4 Nd7 15.c6 bxc6 16.bxc6
fxe4 17.Nh4 Nf6 18.Nxe4 g5 19.Bxg5 hxg5 20.Nxg5 Bg4 21.Qb3+ d5 22.h3 Bc8 23.f4
Nh7 24.Nxh7 Kxh7 25.Rbe1 exf4 26.Qd1 f3 27.Nxf3 Ra1 28.Qe2 Rxe1 29.Rxe1 Nxc6
30.Nh4 Qg5 31.Kh2 Be5 32.Qe3 Qxh4 33.Qxe5 Nxe5 34.gxh4 Nf3+ 35.Bxf3 Rxf3
36.Re7+ Kg6 37.Rxc7 Bf5 {#R} 0-1

[Event "It (cat.2)"]
[Site "Budapest (Hungary)"]
[Round "0"]
[White "Williams Simon (ENG)"]
[Black "Kahn Evarth Dr (HUN)"]
[Result "1-0"]
[WhiteElo "2250"]
[BlackElo "2350"]

1.c4 g6 2.Nc3 Bg7 3.g3 e5 4.Bg2 d6 5.d3 Nc6 6.e4 h5 7.h4 Be6 8.Be3 Qd7 9.Qd2
Bh6 10.Nd5 O-O-O 11.b4 Nd4 12.Ne2 Nxe2 13.Qxe2 Qa4 14.Rb1 Bxe3 15.fxe3 Nh6
16.Nc3 Qd7 17.Rb3 Kb8 18.Ra3 c6 19.d4 exd4 20.exd4 d5 21.cxd5 cxd5 22.O-O dxe4
23.d5 Bxd5 24.Qe3 a6 25.Rd1 Qe6 26.Qf4+ Ka8 27.Nxd5 Rxd5 28.Rxd5 Ng4 29.Qxe4
Qf6 30.Rd8+ {#r} 1-0

[Event "It (open)"]
[Site "Cannes (France)"]
[Round "3"]
[White "Gentilleau Jean-Philippe (MNC)"]
[Black "Urday Henry (PER)"]
[Result "0-1"]
[WhiteElo "2225"]
[BlackElo "2435"]

1.c4 e5 2.g3 Nc6 3.Bg2 g6 4.Nc3 Bg7 5.d3 d6 6.e3 Nge7 7.Nge2 h5 8.h4 Bg4 9.Rb1
a5 10.a3 O-O 11.Qc2 Qd7 12.b4 axb4 13.axb4 Nd8 14.Nd5 Nc8 15.b5 c6 16.Ndc3 Be6
17.Ne4 f6 18.O-O Bh3 19.Qb3 Bxg2 20.Kxg2 Rf7 21.Bd2 Ne6 22.bxc6 bxc6 23.Ra1
Rxa1 24.Rxa1 f5 25.Ng5 Nxg5 26.hxg5 f4 27.Ng1 fxg3 28.fxg3 Qf5 29.Ra8 Qf1+
30.Kh1 Rf2 {#R} 0-1

[Event "It (open)"]
[Site "Cappelle la Grande (France)"]
[Round "3"]
[White "Manouck Thierry (FRA)"]
[Black "Giorgadze Giorgi (GEO)"]
[Result "0-1"]
[WhiteElo "2270"]
[BlackElo "2605"]

1.c4 e5 2.g3 Nc6 3.Bg2 g6 4.Nc3 Bg7 5.d3 d6 6.Rb1 f5 7.b4 Nf6 8.b5 Nd4 9.e3
Ne6 10.Nge2 O-O 11.O-O Kh8 12.f4 Rb8 13.a4 b6 14.Ba3 Re8 15.a5 Bb7 16.Nd5 Ng4
17.Qd2 exf4 18.gxf4 Bxd5 19.cxd5 Nc5 20.Bxc5 bxc5 21.e4 Qh4 22.h3 Nf6 23.e5
dxe5 24.Qc2 Nd7 25.d6 cxd6 26.Nc3 exf4 27.Nd5 f3 28.Rxf3 Qd4+ 29.Rf2 Ne5
30.Nf4 Bh6 31.Qd2 g5 32.Nd5 Nxd3 33.b6 g4 34.Qxh6 Qxf2+ 35.Kh1 Re1+ 36.Rxe1
Qxe1+ {#R} 0-1

[Event "It (open)"]
[Site "Espoo (Finland)"]
[Round "0"]
[White "Yrjola Jouni (FIN)"]
[Black "Rytshagov Mikhail (EST)"]
[Result "1-0"]
[WhiteElo "2430"]
[BlackElo "2475"]

1.g3 e5 2.c4 Nc6 3.Bg2 g6 4.Nc3 Bg7 5.d3 d6 6.Rb1 f5 7.e3 Nf6 8.Nge2 O-O 9.O-O
Be6 10.Nd5 Qd7 11.Nec3 Rfb8 12.Qa4 Ne8 13.f4 exf4 14.Nxf4 Bf7 15.e4 fxe4
16.Nxe4 h6 17.Bh3 Qe7 18.Bd2 Ne5 19.Rbe1 c5 20.Nc3 Nc7 21.Bg2 g5 22.Nfd5 Nxd5
23.Nxd5 Qd8 24.Bc3 Bg6 25.Be4 Bxe4 26.Rxe4 Rc8 27.Qd1 Rab8 28.Qe2 Qe8 29.Rf6
Rd8 30.Bxe5 dxe5 31.Rxe5 Qa4 32.Re7 Rxd5 33.Rxg7+ Kxg7 34.Qe7+ {#r} 1-0

[Event "Bayern Landesliga North"]
[Site "Germany"]
[Round "4"]
[White "Becker Thomas (GER)"]
[Black "Seppeur Reinhold (GER)"]
[Result "1-0"]
[WhiteElo "2138"]
[BlackElo "2265"]

1.c4 g6 2.Nc3 Bg7 3.g3 e5 4.Bg2 Nc6 5.d3 d6 6.e3 Be6 7.Nge2 Qd7 8.Nd5 Nd8 9.e4
c6 10.Ne3 Bh3 11.O-O Bxg2 12.Kxg2 f5 13.exf5 gxf5 14.f4 Ne7 15.d4 e4 16.d5 c5
17.Rb1 b5 18.b4 bxc4 19.Nxc4 cxb4 20.Rxb4 O-O 21.Qb3 Rc8 22.Rd1 Rc5 23.Ne3 a5
24.Rb8 a4 25.Qb1 Qa7 26.Qb6 Qd7 27.Ba3 Nc8 28.Qa6 Rc7 29.Nc4 Nf7 30.Nd4 Bxd4
31.Rxd4 Re8 32.Bc1 e3 33.Bxe3 h5 34.Bf2 h4 35.Rd2 Qe7 {#r} 1-0

[Event "Bundesliga (2nd) North 1994/95"]
[Site "Germany"]
[Round "0"]
[White "Schlemmermeyer Wilhelm (GER)"]
[Black "Geisler Robert (GER)"]
[Result "1-0"]
[WhiteElo "2345"]
[BlackElo "2255"]

1.g3 e5 2.c4 Nc6 3.Bg2 g6 4.Nc3 Bg7 5.d3 d6 6.Rb1 f5 7.e3 Nf6 8.Nge2 O-O 9.O-O
Ne7 10.b3 Kh8 11.Ba3 Rb8 12.f4 exf4 13.exf4 a6 14.Qd2 b5 15.Bb2 d5 16.cxb5
axb5 17.Nd1 b4 18.Rc1 Ra8 19.Bd4 Nd7 20.Bxg7+ Kxg7 21.Nd4 Rf6 22.Re1 Kf7
23.Rxe7+ Kxe7 24.Nc6+ Rxc6 25.Rxc6 Nb6 26.Qxb4+ Kf7 27.Qc5 Ra7 28.a4 Be6
29.Nc3 Rb7 30.Nb5 Nd7 31.Qe3 Nf8 32.Qe5 Qf6 33.Qxf6+ Kxf6 34.Bxd5 {#r} 1-0

[Event "Oberliga East 1994/95"]
[Site "Germany"]
[Round "0"]
[White "Koehler Gerhard (GER)"]
[Black "Walther Hans-Wolfgang (GER)"]
[Result "1-0"]
[WhiteElo "2143"]
[BlackElo "2159"]

1.c4 e5 2.Nc3 Nc6 3.g3 g6 4.Bg2 Bg7 5.d3 d6 6.e3 Nh6 7.Nge2 O-O 8.Rb1 Ne7 9.b3
c6 10.d4 exd4 11.Nxd4 Nhf5 12.Nde2 Qa5 13.b4 Qa6 14.b5 Qa5 15.Bd2 d5 16.bxc6
bxc6 17.cxd5 Ba6 18.O-O Rad8 19.e4 Nd6 20.Na4 Qc7 21.Rc1 Bc4 22.Bf4 cxd5
23.exd5 Qa5 24.Bxd6 Bxe2 25.Qxe2 Rxd6 26.Qxe7 {#r} 1-0

[Event "Oberliga East 1994/95"]
[Site "Germany"]
[Round "0"]
[White "Liebert Heinz (GER)"]
[Black "Priehoda Vitezslav (CZE)"]
[Result "1-0"]
[WhiteElo "2370"]
[BlackElo "2365"]

1.c4 e5 2.Nc3 d6 3.g3 Nc6 4.Bg2 g6 5.d3 Bg7 6.e4 Nd4 7.Nge2 h5 8.h3 Nxe2
9.Qxe2 Ne7 10.Bg5 f6 11.Be3 h4 12.g4 c5 13.f4 Be6 14.fxe5 fxe5 15.Bg5 Kd7
16.O-O Qg8 17.Nd5 Nc6 18.Qc2 Bxd5 19.exd5 Nd4 20.Qa4+ Kc7 21.Rf2 Rf8 22.Raf1
Rxf2 23.Rxf2 Bh6 24.Bxh6 Rxh6 25.Be4 Rh7 26.Qa5+ Kb8 27.Bxg6 Rc7 28.Be4 b6
29.Qe1 Rf7 30.Rxf7 Qxf7 31.Qxh4 Qf4 32.Qf2 Qc1+ 33.Kg2 Qd1 34.Kh2 Nc2 35.g5
Qc1 36.g6 {#r} 1-0

[Event "Oberliga East 1994/95"]
[Site "Germany"]
[Round "0"]
[White "Schoenfeld Frank (GER)"]
[Black "Stridde Peter (GER)"]
[Result "1-0"]
[WhiteElo "2123"]
[BlackElo "2015"]

1.c4 e5 2.Nc3 Nc6 3.g3 g6 4.Bg2 Bg7 5.d3 d6 6.Nf3 f5 7.O-O Nf6 8.Bd2 O-O 9.Qc1
a6 10.Bg5 Nd4 11.Re1 Ne6 12.Bd2 Rb8 13.b4 c6 14.Rb1 b6 15.Ng5 Qc7 16.a4 Nd8
17.f4 h6 18.Nf3 Nf7 19.e3 Kh7 20.Qc2 Be6 21.b5 cxb5 22.axb5 a5 23.Rec1 Rfc8
24.Qd1 Qe7 25.h3 g5 26.Kh2 Nd7 27.Nd5 Qd8 28.Qe2 Kg8 29.Ne1 Nf6 30.e4 Nd7
31.Nf3 Bxd5 32.cxd5 Rxc1 33.Rxc1 Nc5 34.exf5 Bf6 35.Be3 Qd7 36.fxg5 hxg5
37.Rf1 Qxb5 38.Nxg5 Bxg5 39.Bxg5 Qxd3 {#r} 1-0

[Event "Ch World (juniors) (under 20)"]
[Site "Halle (Germany)"]
[Round "4"]
[White "Quinn Mark (IRL)"]
[Black "Vescovi Giovanni (BRA)"]
[Result "0-1"]
[WhiteElo "2360"]
[BlackElo "2465"]

1.c4 e5 2.g3 Nc6 3.Bg2 g6 4.Nc3 Bg7 5.d3 d6 6.e3 Be6 7.Rb1 Qd7 8.b4 Nge7 9.b5
Nd8 10.Nd5 O-O 11.Ne2 Nc8 12.O-O a6 13.a4 axb5 14.axb5 h5 15.Nec3 c6 16.bxc6
bxc6 17.Nb6 Nxb6 18.Rxb6 Bg4 19.Qb3 h4 20.Ba3 h3 21.Bh1 Qf5 22.Be4 Qf6 23.f3
Bd7 24.Qb4 Qg5 25.f4 exf4 26.Rxf4 Ne6 27.Qxd6 Bxc3 {#R} 0-1

[Event "It (open)"]
[Site "Kiekrz"]
[Round "4"]
[White "Johanson Lennart (SWE)"]
[Black "Marzoll Wolfgang (GER)"]
[Result "0-1"]
[WhiteElo "2038"]
[BlackElo "2360"]

1.c4 g6 2.g3 Bg7 3.Bg2 e5 4.Nc3 d6 5.d3 Nc6 6.e3 Nf6 7.Nge2 Be6 8.O-O Qc8
9.Nd5 O-O 10.Rb1 Bh3 11.Nec3 Bxg2 12.Kxg2 Kh8 13.b4 Nh5 14.b5 Nd8 15.Bd2 f5
16.f4 Ne6 17.Qf3 Nc5 18.Qe2 Re8 19.h3 c6 20.bxc6 bxc6 21.g4 cxd5 22.gxh5 d4
23.Nd5 dxe3 24.Bxe3 exf4 25.hxg6 fxe3 26.gxh7 Kxh7 27.Qh5+ Kg8 28.Rxf5 Qe6
29.Nc7 Qd7 30.Nxa8 e2 31.Re1 Nxd3 32.Rxe2 Rxe2+ 33.Qxe2 Qxf5 34.Qe8+ Kh7
35.Nc7 Qf2+ 36.Kh1 Qf3+ 37.Kh2 Be5+ 38.Kg1 Qf2+ {#R} 0-1

[Event "It (open)"]
[Site "Leeuwarden (Netherlands)"]
[Round "1"]
[White "Bartels Hans A (NED)"]
[Black "Kharitonov Andrei V (RUS)"]
[Result "0-1"]
[WhiteElo "2325"]
[BlackElo "2550"]

1.c4 e5 2.g3 Nc6 3.Bg2 g6 4.Nc3 Bg7 5.d3 d6 6.e4 Nh6 7.h4 O-O 8.h5 g5 9.Nge2
f5 10.exf5 Nxf5 11.Bd5+ Kh8 12.h6 Bf6 13.Bg2 Qe8 14.Ne4 Qg6 15.N2c3 Bd8 16.Be3
Ncd4 17.Rc1 g4 18.Bd2 c6 19.b4 Be7 20.Ne2 Nf3+ 21.Bxf3 gxf3 22.Ng1 d5 23.cxd5
cxd5 24.Nxf3 dxe4 25.Nxe5 Qb6 26.O-O e3 27.Bc3 Bf6 28.Qh5 Qe6 29.fxe3 Bxe5
30.d4 Bd7 31.dxe5 Nxg3 32.Rf6 Nxh5 {#R} 0-1

[Event "It (open)"]
[Site "Mar del Plata (Argentina)"]
[Round "5"]
[White "Contin Daniel (ITA)"]
[Black "Fiorito Fabian (ARG)"]
[Result "0-1"]
[WhiteElo "2365"]
[BlackElo "2450"]

1.c4 g6 2.Nc3 Bg7 3.g3 d6 4.Bg2 e5 5.d3 Nc6 6.e3 Nf6 7.Nge2 O-O 8.Rb1 Be6
9.Nd5 Qd7 10.Qa4 Bh3 11.Bxh3 Qxh3 12.Nxc7 Rac8 13.Nd5 Ng4 14.Qd1 Qg2 15.Kd2
Nxh2 16.b4 Rfe8 17.Nec3 Ne7 18.Nxe7+ Rxe7 19.Kc2 e4 20.Nd5 exd3+ 21.Kb3 Ree8
22.Rxh2 Qxh2 23.Qf3 Qg1 24.Nf6+ Bxf6 25.Bb2 Qxb1 26.Qxf6 Re5 27.f4 d2 28.fxe5
d1=Q+ {#R} 0-1

[Event "VL1 1995/96"]
[Site "NRW (Germany)"]
[Round "0"]
[White "Nautsch Werner (GER)"]
[Black "Guempges Peter (GER)"]
[Result "1-0"]
[WhiteElo "2201"]
[BlackElo "2170"]

1.c4 g6 2.Nc3 Bg7 3.g3 e5 4.Bg2 Nc6 5.d3 d6 6.Rb1 f5 7.b4 Nf6 8.Bg5 h6 9.Bxf6
Bxf6 10.Nd5 Bg7 11.e3 O-O 12.Ne2 Qd7 13.O-O Qf7 14.Qc2 Be6 15.b5 Nd8 16.Nb4
Qd7 17.a4 c6 18.bxc6 bxc6 19.a5 Rc8 20.Rbc1 f4 21.exf4 Bh3 22.fxe5 Bxg2
23.Kxg2 Ne6 24.d4 dxe5 25.dxe5 Ng5 26.Ng1 Qd4 27.Rce1 Ne4 28.Qxe4 {#r} 1-0

[Event "It (open)"]
[Site "Oban (Scotland)"]
[Round "2"]
[White "McNab Colin A (SCO)"]
[Black "Beaton Kenneth S (SCO)"]
[Result "1-0"]
[WhiteElo "2440"]
[BlackElo "2116"]

1.c4 e5 2.Nc3 Nc6 3.g3 g6 4.Bg2 Bg7 5.d3 d6 6.Nh3 Nge7 7.f4 Nf5 8.Nd5 Nce7
9.fxe5 Nxd5 10.cxd5 dxe5 11.e4 Nd4 12.Be3 Qd6 13.O-O O-O 14.Rc1 Bd7 15.Ng5 c6
16.Rf2 h6 17.dxc6 Bxc6 18.Nf3 Ne6 19.Qb3 b6 20.Nd2 Rad8 21.Bf1 Ba8 22.Nc4 Qd7
23.Rc3 Nd4 24.Qb4 Rfe8 25.Rc1 Bb7 26.Bg2 Rf8 27.Rcf1 Ba6 28.Kh1 Bb7 29.Bxh6
Bxh6 30.Nxe5 Qe6 31.Nxf7 Rxf7 32.Rxf7 Qxf7 33.Rxf7 Kxf7 34.Qc4+ Ke7 35.Qc7+
Rd7 36.Qe5+ Kf7 37.Bh3 Nc6 38.Qe6+ {#r} 1-0

[Event "It (open)"]
[Site "San Francisco (USA)"]
[Round "0"]
[White "Cusi Ronald (USA)"]
[Black "Shaked Tal (USA)"]
[Result "0-1"]
[WhiteElo "2355"]
[BlackElo "2430"]

1.c4 g6 2.Nc3 Bg7 3.g3 d6 4.Bg2 e5 5.d3 Nc6 6.e4 h5 7.Nf3 Nd4 8.Nxd4 exd4
9.Ne2 h4 10.O-O c6 11.Bd2 Qe7 12.b4 hxg3 13.fxg3 Nf6 14.Bg5 Qe5 15.Bxf6 Bxf6
16.Nf4 Qg5 17.Rf2 Be5 18.Qd2 Qh6 19.Bf3 g5 20.Ne2 Be6 21.a4 Qg7 22.Rc1 f6
23.Rc2 Rh7 24.Qd1 O-O-O 25.Nc1 Qd7 26.b5 c5 27.a5 {#R} 0-1

[Event "Ch World (juniors)"]
[Site "Sao Lourenco (Brazil)"]
[Round "7"]
[White "Reizniece Dana (LAT)"]
[Black "Oliveira Vera (POR)"]
[Result "1-0"]
[WhiteElo "2281"]
[BlackElo "1715"]

1.c4 e5 2.Nc3 Nc6 3.g3 g6 4.Bg2 Bg7 5.d3 d6 6.e3 Bd7 7.Nge2 Nge7 8.O-O O-O
9.Rb1 a5 10.a3 Qc8 11.b4 axb4 12.axb4 f5 13.c5 Nd8 14.Bd2 Nf7 15.Qc2 Rb8
16.Rfc1 g5 17.f4 h6 18.cxd6 cxd6 19.b5 Be6 20.Qa4 Qd7 21.Qb4 Ng6 22.Nd5 Bxd5
23.Bxd5 Kh8 24.b6 Ne7 25.Qb3 Nxd5 26.Qxd5 Rfc8 27.Rc4 Nd8 28.Bb4 Rxc4 29.dxc4
Nf7 30.c5 Bf8 31.fxe5 Nxe5 32.cxd6 Nf7 33.Rc1 Nxd6 34.Rc7 Qd8 35.Bc3+ Bg7
36.Rxg7 {#r} 1-0

[Event "Ch SJRP (juniors) (under 15)"]
[Site "Sargenroth (Germany)"]
[Round "0"]
[White "Suderland Marc"]
[Black "Baerwinkel Tobias (GER)"]
[Result "0-1"]
[WhiteElo "1915"]
[BlackElo "2345"]

1.c4 e5 2.Nc3 Nc6 3.g3 g6 4.Bg2 Bg7 5.d3 d6 6.Nf3 Nge7 7.O-O O-O 8.Rb1 h6 9.a3
Be6 10.b4 Qd7 11.Bb2 f5 12.Nd2 f4 13.e3 g5 14.b5 Nd8 15.Nde4 Bh3 16.exf4 gxf4
17.Nd2 Bxg2 18.Kxg2 Ne6 19.Nce4 Rf5 20.g4 Rf7 21.f3 Ng6 22.Qe1 Qe7 23.Rc1 Rb8
24.Nb1 d5 25.Nec3 c6 26.bxc6 bxc6 27.cxd5 cxd5 28.Nd2 Rxb2 {#R} 0-1

[Event "It (open)"]
[Site "St. Ingbert (Germany)"]
[Round "7"]
[White "Csom Istvan (HUN)"]
[Black "Bartels Frank (GER)"]
[Result "1-0"]
[WhiteElo "2455"]
[BlackElo "2370"]

1.c4 e5 2.g3 Nc6 3.Bg2 g6 4.Nc3 Bg7 5.d3 d6 6.e3 Nge7 7.Nge2 O-O 8.O-O Bg4
9.f3 Be6 10.e4 Qd7 11.b3 f5 12.Nd5 Rae8 13.Bb2 Nd4 14.Nxd4 exd4 15.Nf4 Bf7
16.Qc2 g5 17.Nh3 fxe4 18.dxe4 g4 19.Nf4 gxf3 20.Bh3 Qc6 21.Qd2 Ng6 22.Nh5 Rxe4
23.Nxg7 Kxg7 24.Rxf3 Be6 25.Bg2 {#r} 1-0

[Event "It (open)"]
[Site "Svetla nad Sazavou (Czech Republic)"]
[Round "0"]
[White "Mrnka Jan (CZE)"]
[Black "Jandecka Tomas (CZE)"]
[Result "0-1"]
[WhiteElo "2086"]
[BlackElo "2196"]

1.c4 e5 2.Nc3 Nc6 3.g3 g6 4.Bg2 Bg7 5.d3 d6 6.e4 Nge7 7.Nge2 O-O 8.O-O Be6
9.h3 Qd7 10.Kh2 f5 11.f4 Rab8 12.Be3 fxe4 13.Nxe4 exf4 14.Nxf4 Bxb2 15.Rb1 Bg7
16.Ng5 Bf7 17.Nxf7 Rxf7 18.h4 Nf5 19.Bd2 Kh8 20.Bd5 Re7 21.h5 Ne5 22.d4 Ne3
23.Bxe3 Ng4+ 24.Kh1 Nxe3 25.Qf3 Nxf1 26.Nxg6+ hxg6 {#R} 0-1

[Event "It (open)"]
[Site "Velden (Austria)"]
[Round "0"]
[White "Strozewski Frank (GER)"]
[Black "Ljubic Pero (CRO)"]
[Result "1-0"]
[WhiteElo "2046"]
[BlackElo "2102"]

1.c4 e5 2.Nc3 g6 3.d3 Bg7 4.g3 Nc6 5.Bg2 d6 6.e4 Nge7 7.Nge2 O-O 8.O-O Bg4
9.f3 Be6 10.Be3 Nd4 11.Bxd4 exd4 12.Nd5 c5 13.f4 Nxd5 14.cxd5 Bg4 15.h3 Bxe2
16.Qxe2 Re8 17.h4 f5 18.h5 b5 19.Rae1 Rc8 20.Bh3 Rc7 21.Qd1 fxe4 22.Rxe4 Rxe4
23.dxe4 c4 24.Be6+ Kf8 25.e5 d3 26.hxg6 h6 27.Qh5 Ke7 28.Qh4+ Ke8 29.Bf7+ Kd7
30.Qg4+ {#r} 1-0

[Event "It (open)"]
[Site "Velden (Austria)"]
[Round "0"]
[White "Wegerer Fred (AUT)"]
[Black "Posch Werner (AUT)"]
[Result "1-0"]
[WhiteElo "2290"]
[BlackElo "2175"]

1.g3 e5 2.Bg2 Nc6 3.c4 g6 4.Nc3 Bg7 5.d3 d6 6.e4 Be6 7.Nge2 Qd7 8.Nd5 Nd8
9.O-O c6 10.Ne3 Bh3 11.f4 Bxg2 12.Kxg2 exf4 13.gxf4 Nf6 14.f5 d5 15.e5 Nh5
16.f6 Bh6 17.Nf5 Bxc1 18.Nd6+ Kf8 19.Qxc1 Qg4+ 20.Ng3 h6 21.cxd5 cxd5 22.Qc7
Nf4+ 23.Rxf4 Qxf4 24.Qe7+ Kg8 25.e6 Qxd6 26.Qxd6 Nxe6 27.Re1 Re8 28.Qd7 Nf4+
29.Kf1 Rf8 30.Re7 {#r} 1-0

[Event "Ch Europe (juniors) (under 14) (g)"]
[Site "Verdun (France)"]
[Round "3"]
[White "Radziewicz Iweta (POL)"]
[Black "Tarachowicz Alina (POL)"]
[Result "1-0"]
[WhiteElo "2180"]
[BlackElo "2037"]

1.c4 e5 2.Nc3 Nc6 3.g3 g6 4.Bg2 Bg7 5.d3 d6 6.Rb1 a5 7.Bxc6+ bxc6 8.e4 Ne7
9.h4 h5 10.Bg5 f6 11.Bd2 d5 12.Qc2 O-O 13.Na4 f5 14.cxd5 cxd5 15.Rc1 c6 16.Qc5
Ra6 17.Bg5 Bf6 18.Nf3 fxe4 19.dxe4 dxe4 20.Nxe5 Be6 21.Bxf6 Rxf6 22.O-O Bd5
23.Nc3 Re6 24.Nc4 Qc7 25.Nxd5 Nxd5 26.Ne3 Qd6 27.Nxd5 Qxd5 28.Qe3 Ra8 29.Rfd1
Qxa2 30.Qc3 Rb8 31.b3 Qxb3 32.Rd8+ Kf7 33.Rd7+ Re7 34.Rxe7+ Kxe7 35.Qg7+ Kd8
36.Qf6+ Ke8 37.Qxc6+ Kf7 38.Qd7+ Kf6 39.Qd6+ Kg7 40.Rc7+ {#r} 1-0

[Event "Ch Pfalz"]
[Site "Waldfischbach (Germany)"]
[Round "0"]
[White "Koch Hans Juergen (GER)"]
[Black "Schoen Ralf Dr (GER)"]
[Result "0-1"]
[WhiteElo "2261"]
[BlackElo "2216"]

1.c4 e5 2.Nc3 Nc6 3.g3 g6 4.Bg2 Bg7 5.d3 d6 6.Nf3 f5 7.O-O Nf6 8.Rb1 O-O 9.Bd2
h6 10.b4 g5 11.b5 Ne7 12.e3 Qe8 13.Ne1 f4 14.Nd5 Nfxd5 15.cxd5 Qf7 16.Qb3 Bg4
17.f3 Bd7 18.e4 Ng6 19.g4 h5 20.h3 Bf6 21.Kf2 Qh7 22.a4 Kg7 23.Rh1 Rh8 24.Nc2
Qg8 25.Bb4 Qc8 26.Na3 Nh4 27.Rbc1 Nxg2 28.Kxg2 hxg4 29.Bxd6 gxf3+ 30.Kf2 cxd6
31.Rxc8 Raxc8 32.Nc4 Rxh3 33.Rxh3 Bxh3 34.Kxf3 g4+ 35.Kf2 Bh4+ 36.Ke2 f3+
37.Ke3 f2 38.Nd2 g3 39.Qb1 Bg4 {#R} 0-1